Total War Warhammer All Units (no RoR or unit variants) - Statistics

General Stats
  • This quiz has been taken 176 times
  • The average score is 161 of 393
Answer Stats
Race Unit Type Answer % Correct
Empire Legendary Lord Karl Franz
91%
Empire Infantry Spearmen
80%
High Elves Infantry Spearmen
80%
Empire Legendary Lord Balthasar Gelt
77%
Empire Legendary Lord Volkmar the Grim
73%
Empire Infantry Swordsmen
72%
Empire Hero Empire Captain
70%
Greenskins Legendary Lord Grimgor Ironhide
70%
Greenskins Rare Monsters Giant
69%
Empire Infantry Greatswords
69%
Empire Missile Infantry Handgunners
68%
Empire Missile Infantry Crossbowmen
67%
High Elves Missile Infantry Archers
66%
Greenskins Legendary Lord Skarsnik
66%
Dwarfs Legendary Lord Thorgrim Grudgebearer
66%
High Elves Legendary Lord Tyrion
66%
Empire Cavalry & Chariots Empire Knights
65%
Greenskins Infantry Goblins
65%
Empire Infantry Halberdiers
65%
Greenskins Legendary Lord Azhag the Slaughterer
64%
Dwarfs Artillery & War Machines Cannon
64%
Dwarfs Infantry Dwarf Warriors
64%
Empire Artillery & War Machines Great Cannon
64%
Dwarfs Hero Thane
64%
Empire Hero Witch Hunter
64%
Vampire Counts Legendary Lord Isabella von Carstein
63%
Vampire Counts Legendary Lord Vlad von Carstein
63%
Empire Legendary Lord Boris Todbringer
62%
Empire Lord General of the Empire
62%
Dwarfs Legendary Lord Grombrindal the White Dwarf
62%
Vampire Counts Legendary Lord Mannfred von Carstein
62%
High Elves Legendary Lord Teclis
62%
Greenskins Infantry Night Goblins
61%
Dwarfs Legendary Lord Ungrim Ironfist
61%
Empire Cavalry & Chariots Demigryph Knights
60%
Dwarfs Flying War Machines Gyrocopter
60%
Dwarfs Infantry Longbeards
60%
Dark Elves Legendary Lord Malekith
60%
High Elves Rare Monsters & Beasts Moon Dragon
60%
Wood Elves Legendary Lord Orion
60%
Empire Artillery & War Machines Steam Tank
60%
High Elves Rare Monsters & Beasts Sun Dragon
60%
Greenskins Monsters & Beasts Trolls
60%
Dwarfs Legendary Lord Belegar Ironhammer
59%
Wood Elves Legendary Lord Durthu
59%
Dwarfs Artillery & War Machines Organ Gun
59%
Dwarfs Missile Infantry Rangers
59%
Empire Cavalry & Chariots Reiksguard
59%
Dwarfs Lord Runelord
59%
Vampire Counts Infantry Skeleton Warriors
59%
Tomb Kings Infantry Skeleton Warriors
59%
Greenskins Infantry Black Orcs
58%
Dwarfs Infantry Ironbreakers
58%
Dwarfs Hero Runesmith
58%
Greenskins Legendary Lord Wurrzag
58%
Empire Lord Arch-Lector
57%
Bretonnia Cavalry & Chariots Grail Knights
57%
Dwarfs Infantry Hammerers
57%
Vampire Counts Legendary Lord Heinrich Kemmler
57%
Vampire Counts Infantry Skeleton Spearmen
57%
Tomb Kings Infantry Skeleton Spearmen
57%
Empire Hero Warrior Priest
57%
Empire Infantry Flagellants
56%
Vampire Counts Infantry Grave Guard
56%
Empire Cavalry & Chariots Knights of the Blazing Sun
56%
Dark Elves Legendary Lord Morathi
56%
Empire Artillery & War Machines Mortar
56%
Tomb Kings Legendary Lord Settra the Imperishable
56%
Bretonnia Legendary Lord Alberic de Bordeleaux
55%
Empire Hero Bright Wizard
55%
Warriors of Chaos Infantry Chosen
55%
Wood Elves Rare Monsters & Beasts Forest Dragon
55%
High Elves Hero Mage
55%
Dwarfs Infantry Miners
55%
Vampire Counts Hero Necromancer
55%
Greenskins Infantry Orc Big 'Uns
55%
Greenskins Cavalry & Chariots Orc Boar Boyz
55%
Greenskins Infantry Orc Boyz
55%
Wood Elves Rare Monsters & Beasts Treeman
55%
Vampire Counts Hero Vampire
55%
Warriors of Chaos Legendary Lord Archaon the Everchosen
54%
Vampire Counts Hero Banshee
54%
Dark Elves Infantry Black Guard of Naggarond
54%
Bretonnia Legendary Lord Fay Enchantress
54%
Empire Hero Grey Wizard
54%
Dwarfs Infantry Slayers
54%
Norsca Legendary Lord Wulfrik the Wanderer
54%
Greenskins Cavalry & Chariots Goblin Wolf Riders
53%
Dwarfs Artillery & War Machines Grudge Thrower
53%
Tomb Kings Legendary Lord High Queen Khalida
53%
Dwarfs Missile Infantry Irondrakes
53%
Warriors of Chaos Legendary Lord Kholek Suneater
53%
Lizardmen Legendary Lord Kroq-Gar
53%
Lizardmen Legendary Lord Lord Mazdamundi
53%
Norsca Infantry Marauders
53%
Bretonnia Missile Infantry Peasant Bowmen
53%
Bretonnia Infantry Peasant Mob
53%
Empire Missile Cavalry & Chariots Pistoliers
53%
Warriors of Chaos Legendary Lord Sigvald the Magnificent
53%
High Elves Rare Monsters & Beasts Star Dragon
53%
Empire Hero Amber Wizard
52%
Dwarfs Artillery & War Machines Bolt Thrower
52%
Warriors of Chaos Rare Monsters & Beasts Chaos Giant
52%
Beastmen Rare Monsters & Beasts Chaos Giant
52%
Warriors of Chaos Monsters & Beasts Chaos Spawn
52%
Beastmen Monsters & Beasts Chaos Spawn
52%
Greenskins Missile Cavalry & Chariots Goblin Wolf Chariot
52%
Warriors of Chaos Artillery & War Machines Hellcannon
52%
Bretonnia Cavalry & Chariots Knights Errant
52%
Beastmen Monsters & Beasts Minotaurs
52%
Empire Missile Cavalry & Chariots Outriders
52%
Norsca Legendary Lord Throgg
52%
Vampire Counts Infantry Zombies
52%
High Elves Legendary Lord Alarielle the Radiant
51%
Tomb Kings Legendary Lord Arkhan the Black
51%
Vampire Counts Cavalry & Chariots Black Knights
51%
Vampire Counts Cavalry & Chariots Blood Knights
51%
Warriors of Chaos Infantry Chaos Warriors
51%
Greenskins Missile Infantry Goblin Archers
51%
Vampire Counts Legendary Lord Helman Ghorst
51%
Bretonnia Cavalry & Chariots Knights of the Realm
51%
Dwarfs Hero Master Engineer
51%
Greenskins Missile Infantry Orc Arrer Boyz
51%
High Elves Infantry Swordmasters of Hoeth
51%
Vampire Counts Lord Vampire Lord
51%
Dark Elves Rare Monsters & Beasts Black Dragon
49%
Dwarfs Artillery & War Machines Flame Cannon
49%
Dwarfs Flying War Machines Gyrobomber
49%
Beastmen Legendary Lord Khazrak the One-Eye
49%
Beastmen Legendary Lord Malagor the Dark Omen
49%
High Elves Lord Prince
49%
Lizardmen Infantry Saurus Warriors
49%
Vampire Counts Legendary Lord The Red Duke
49%
High Elves Legendary Lord Alith Anar
48%
Warriors of Chaos Cavalry & Chariots Chaos Knights
48%
Skaven Infantry Clanrats
48%
Greenskins Artillery & War Machines Doom Diver Catapult
48%
Beastmen Infantry Gor Hed
48%
Empire Artillery & War Machines Luminark of Hysh
48%
Warriors of Chaos Missile Cavalry & Chariots Marauder Horsemen
48%
Norsca Cavalry & Chariots Marauder Horsemen
48%
Greenskins Lord Orc Warboss
48%
Bretonnia Monsters & Beasts Pegasus Knights
48%
Skaven Legendary Lord Queek Headtaker
48%
Lizardmen Hero Skink Priest
48%
Warriors of Chaos Monsters & Beasts Chaos Trolls
47%
Bretonnia Hero Damsel
47%
Wood Elves Missile Infantry Glade Guard
47%
Bretonnia Cavalry & Chariots Grail Guardians
47%
Vampire Counts Cavalry & Chariots Hexwraiths
47%
Bretonnia Legendary Lord King Louen Leoncoeur
47%
Greenskins Hero Orc Shaman
47%
High Elves Infantry Phoenix Guard
47%
Tomb Kings Missile Infantry Skeleton Archers
47%
Beastmen Infantry Bestigor Herd
46%
Warriors of Chaos Lord Chaos Lord
46%
Vampire Counts Infantry Crypt Ghouls
46%
Empire Hero Jade Wizard
46%
Greenskins Missile Infantry Night Goblin Archers
46%
Bretonnia Legendary Hero The Green Knight
46%
Tomb Kings Infantry Tomb Guard
46%
Wood Elves Lord Ancient Treeman
45%
Beastmen Lord Beastlord
45%
Warriors of Chaos Cavalry & Chariots Chaos Chariot
45%
Norsca Rare Monsters & Beasts Feral Mammoth
45%
Beastmen Hero Gorebull
45%
Empire Hero Light Wizard
45%
Skaven Legendary Lord Lord Skrolk
45%
Beastmen Legendary Lord Morghur the Shadowgave
45%
High Elves Lord Princess
45%
Bretonnia Cavalry & Chariots Questing Knights
45%
Dark Elves Missile Infantry Shades
45%
Lizardmen Missile Monsters & Beasts Stegadon
45%
Wood Elves Monsters & Beasts Tree Kin
45%
Warriors of Chaos Infantry Chaos Marauders
44%
Warriors of Chaos Hero Chaos Sorcerer
44%
Dark Elves Cavalry & Chariots Cold One Knights
44%
Lizardmen Cavalry & Chariots Cold One Riders
44%
Vampire Counts Monsters & Beasts Dire Wolves
44%
Vampire Counts Monsters & Beasts Fell Bats
44%
Tomb Kings Legendary Lord Grand Hierophant Khatep
44%
Greenskins Cavalry & Chariots Orc Boar Chariot
44%
Beastmen Infantry Ungor Herd
44%
Empire Hero Celestial Wizard
43%
Dark Elves Legendary Lord Crone Hellebron
43%
Lizardmen Monsters & Beasts Feral Carnosaur
43%
Bretonnia Infantry Foot Squires
43%
Empire Missile Infantry Free Company Militia
43%
Wood Elves Monsters & Beasts Great Eagle
43%
High Elves Monsters & Beasts Great Eagle
43%
Warriors of Chaos Missile Cavalry & Chariots Marauder Horsemasters
43%
Norsca Cavalry & Chariots Marauder Horsemasters
43%
Bretonnia Infantry Men-at-Arms
43%
Lizardmen Infantry Skink Cohort
43%
Norsca Rare Monsters & Beasts War Mammoth
43%
Vampire Counts Hero Wight King
43%
Dark Elves Infantry Witch Elves
43%
Beastmn Rare Monsters & Beasts Cygor
42%
Greenskins Artillery & War Machines Goblin Rock Lobber
42%
Skaven Monsters & Beasts Rat Ogres
42%
Tomb Kings Lord Tomb King
42%
Tomb Kings Hero Tomb Prince
42%
Tomb Kings Rare Constructs Tomb Scorpion
42%
Bretonnia Infantry Battle Pilgrims
41%
Vampire Counts Artillery & War Machines Black Coach
41%
Warriors of Chaos Monsters & Beasts Chaos Warhounds
41%
Beastmen Monsters & Beasts Chaos Warhounds
41%
Warriors of Chaos Monsters & Beasts Dragon Ogres
41%
Dark Elves Lord Dreadlord
41%
Wood Elves Lord Glade Lord
41%
Greenskins Hero Goblin Big Boss
41%
Norsca Monsters & Beasts Norscan Trolls
41%
Dark Elves Hero Sorceress
41%
Greenskins Monsters & Beasts Squig Herd
41%
Vampire Counts Rare Monsters & Beasts Terrorgheist
41%
Wood Elves Infantry Wardancers
41%
Dark Elves Rare Monsters & Beasts War Hydra
41%
Beastmen Hero Bray-Shaman
40%
Skaven Artillery & War Machines Doomwheel
40%
Greenskins Cavalry & Chariots Forest Goblin Spider Riders
40%
Norsca Rare Monsters & Beasts Norscan Giant
40%
Bretonnia Hero Paladin
40%
Lizardmen Hero Saurus Scar-Veteran
40%
Greenskins Infantry Savage Orcs
40%
Lizardmen Infantry Temple Guards
40%
Wood Elves Cavalry & Chariots Wild Riders
40%
Dark Elves Infantry Bleakswords
39%
High Elves Cavalry & Chariots Dragon Princes
39%
Norsca Rare Monsters & Beasts Feral Manticore
39%
Beastmen Monsters & Beasts Harpies
39%
Dark Elves Monsters & Beasts Harpies
39%
Vampire Counts Artillery & War Machines Mortis Engine
39%
Lizardmen Missile Monsters & Beasts Ancient Stegadon
38%
Greenskins Rare Monsters Arachnarok Spider
38%
Skaven Hero Assassin
38%
Lizardmen Cavalry & Chariots Feral Cold Ones
38%
Tomb Kings Rare Constructs Necrosphinx
38%
Skaven Missile Infantry Night Runners
38%
Bretonnia Rare Monsters & Beasts Royal Pegasus Knights
38%
Skaven Infantry Skavenslaves
38%
Vampire Counts Lord Strigoi Ghoul King
38%
Tomb Kings Constructs Ushabti
38%
Vampire Counts Monsters & Beasts Vargheists
38%
Lizardmen Missile Infantry Chameleon Skinks
37%
Warriors of Chaos Rare Monsters & Beasts Dragon Ogre Shaggoth
37%
Skaven Lord Grey Seer
37%
Lizardmen Monsters & Beasts Kroxigors
37%
Vampire Counts Lord Master Necromancer
37%
Tomb Kings Hero Necrotect
37%
Bretonnia Lord Prophetess
37%
Lizardmen Lord Saurus Oldblood
37%
Tomb Kings Cavalry & Chariots Skeleton Horsemen
37%
Norsca Monsters & Beasts Skin Wolves
37%
Wood Elves Missile Infantry Deepwood Scouts
36%
Dark Elves Infantry Dreadspears
36%
Wood Elves Infantry Dryads
36%
Dwarfs Infantry Giant Slayers
36%
Warriors of Chaos Cavalry & Chariots Gorebeast Chariot
36%
Norsca Infantry Marauder Champions
36%
Skaven Infantry Stormvermin
36%
Lizardmen Monsters & Beasts Feral Stegadon
35%
Skaven Monsters & Beasts Hell Pit Abomination
35%
Bretonnia Cavalry & Chariots Mounted Yeomen
35%
Skaven Infantry Plague Monks
35%
Warriors of Chaos Legendary Lord Sarthorael the Everwatcher
35%
Tomb Kings Cavalry & Chariots Skeleton Chariot
35%
Vampire Counts Rare Monsters & Beasts Varghulf
35%
Skaven Lord Warlord
35%
Dwarfs Lord Dward Lord
34%
Wood Elves Infantry Eternal Guard
34%
Warriors of Chaos Infantry Forsaken
34%
Tomb Kings Rare Constructs Khemrian Warsphinx
34%
Vampire Counts Legendary Hero Krell
34%
Lizardmen Missile Monsters & Beasts Terradon Riders
34%
Warriors of Chaos Hero Exalted Hero
33%
Lizardmen Monsters & Beasts Feral Bastiladon
33%
Tomb Kings Hero Liche Priest
33%
Norsca Monsters & Beasts Norscan Ice Trolls
33%
Wood Elves Hero Spellsinger
33%
Bretonnia Lord Bretonnian Lord
32%
Beastmen Cavalry & Chariots Centigors
32%
Dark Elves Cavalry & Chariots Dark Riders
32%
Norsca Monsters & Beasts Fimir Warriors
32%
Tomb Kings Constructs Necropolis Knights
32%
Dwarfs Missile Infantry Quarrellers
32%
Beastmen Monsters & Beasts Razorgor Herd
32%
Beastmen Missile Infantry Ungor Raiders
32%
Dark Elves Missile Infantry Darkshards
31%
Wood Elves Missile Cavalry & Chariots Hawk Riders
31%
Norsca Infantry Marauder Berserkers
31%
High Elves Hero Noble
31%
Skaven Hero Plague Priest
31%
Beastmen Cavalry & Chariots Razorgor Chariot
31%
Lizardmen Hero Skink Chief
31%
Lizardmen Missile Infantry Skink Skirmishers
31%
Beastmen Infantry Ungor Spearmen Herd
31%
Warriors of Chaos Rare Monsters & Beasts Chaos Feral Manticore
30%
Vampire Counts Monsters & Beasts Crypt Horrors
30%
Wood Elves Missile Cavalry & Chariots Glade Riders
30%
High Elves Missile Infantry Lothern Sea Guard
30%
Norsca Missile Infantry Marauder Hunters
30%
High Elves Missile Infantry Shadow Warriors
30%
Wood Elves Missile Infantry Waywatchers
30%
High Elves Infantry White Lions of Chrace
30%
Dark Elves Cavalry & Chariots Cold One Dread Knights
29%
Greenskins Lord Goblin Great Shaman
29%
Greenskins Hero Night Goblin Shaman
28%
Norsca Rare Monsters & Beasts Frost Wyrm
27%
Lizardmen Infantry Saurus Spears
27%
Lizardmen Lord Slaan Mage-Priest
27%
Warriors of Chaos Infantry Aspiring Champions
26%
Dark Elves Missile Cavalry & Chariots Cold One Chariot
26%
Greenskins Infantry Savage Orc Big 'Uns
26%
Skaven Legendary Lord Tretch Craventail
26%
Skaven Hero Warlock Engineer
26%
Tomb Kings Monsters & Beasts Carrion
25%
Skaven Infantry Death Runners
25%
Bretonnia Artillery & War Machines Field Trebuchet
25%
Skaven Missile Infantry Gutter Runners
25%
Tomb Kings Rare Constructs Hierotitan
25%
Norsca Infantry Marauder Spearmen
25%
Bretonnia Infantry Spearmen-at-Arms
25%
Dark Elves Hero Death Hag
24%
Greenskins Infantry Nasty Skulkers
24%
Greenskins Lord Night Goblin Warboss
24%
Dwarfs Missile Infantry Bugman's Rangers
23%
Vampire Counts Infantry Cairn Wraiths
23%
High Elves Hero Handmaiden
23%
Lizardmen Cavalry & Chariots Horned Ones
23%
Greenskins Cavalry & Chariots Savage Orc Boar Boyz
23%
Lizardmen Cavalry & Chariots Cold One Spear-Riders
22%
Dark Elves Cavalry & Chariots Doomfire Warlocks
22%
Dark Elves Hero Khainite Assassin
22%
High Elves Hero Loremaster of Hoeth
22%
Dark Elves Lord Supreme Sorceress
22%
High Elves Artillery & War Machines Eagle Claw Bolt Thrower
21%
Dark Elves Infantry Har Ganeth Executioners
21%
High Elves Cavalry & Chariots Silver Helms
21%
Wood Elves Hero Waystalker
21%
Wood Elves Infantry Wildwood Rangers
21%
Dark Elves Infantry Dark Ark Corsairs
20%
Greenskins Cavalry & Chariots Orc Boar Boy Big 'Uns
20%
Greenskins Missile Infantry Savage Orc Arrer Boyz
20%
High Elves Missile Infantry Sisters of Avelorn
20%
Tomb Kings Artillery & War Machines Casket of Souls
19%
Greenskins Missile Cavalry & Chariots Forest Goblin Spider Rider Archers
19%
Greenskins Missile Cavalry & Chariots Goblin Wolf Rider Archers
19%
Bretonnia Infantry Grail Reliquae
19%
Norsca Monsters & Beasts Norscan Ice Wolves
19%
Greenskins Cavalry & Chariots Savage Orc Boar Boy Big 'Uns
19%
Skaven Artillery & War Machines Warp Lightning Cannon
19%
Skaven Infantry Clanrat Spears
18%
Bretonnia Missile Cavalry & Chariots Mounted Yeomen Archers
18%
Dark Elves Artillery & War Machines Reaper Bolt Thrower
18%
Dark Elves Infantry Sisters of Slaughter
18%
High Elves Missile Cavalry & Chariots Tiranoc Chariot
18%
Bretonnia Artillery & War Machines Blessed Field Trebuchet
16%
Warriors of Chaos Lord Chaos Sorcerer Lord
16%
High Elves Cavalry & Chariots Ellyrian Reavers
16%
High Elves Rare Monsters & Beasts Frostheart Phoenix
16%
Skaven Missile Infantry Skavenslave Slingers
16%
Skaven Infantry Skavenslave Spears
16%
Empire Artillery & War Machines Helstrom Rocket Battery
15%
Greenskins Cavalry & Chariots Night Goblin Squig Hoppers
15%
Skaven Artillery & War Machines Plagueclaw Catapult
15%
Lizardmen Monsters & Beasts Bastildadon
14%
High Elves Missile Cavalry & Chariots Ellyrian Reaver Archers
14%
Norsca Lord Marauder Chieftain
14%
High Elves Rare Monsters & Beasts Flamespyre Phoenix
13%
Tomb Kings Artillery & War Machines Screaming Skull Catapult
13%
Norsca Hero Skin Wolf Werekin
13%
Norsca Hero Fimir Balefiend
12%
High Elves Missile Infantry Shadow Walkers
12%
Wood Elves Missile Cavalry & Chariots Sisters of the Thorn
12%
High Elves Cavalry & Chariots Ithilmar Chariot
11%
Tomb Kings Infantry Nehekhara Warriors
11%
Skaven Missile Infantry Warpfire Thrower
11%
Wood Elves Hero Branchwraith
10%
Skaven Missile Infantry Gutter Runner Slingers
10%
Norsca Monsters & Beasts Norscan Warhounds
10%
Skaven Infantry Plague Monk Censer Bearers
10%
Vampire Counts Artillery & War Machines Corpse Cat
9%
Tomb Kings Cavalry & Chariots Nehekhara Horsemen
9%
Norsca Cavalry & Chariots Norscan Ice Wolves Chariot
9%
Skaven Missile Infantry Poison Wind Globadiers
9%
Tomb Kings Missile Cavalry & Chariots Skeleton Archer Chariot
9%
Empire Artillery & War Machines Helblaster Vollet Gun
8%
Norsca Cavalry & Chariots Marauder Chariots
8%
Skaven Missile Infantry Death Globe Bombadiers
7%
Bretonnia Rare Monsters & Beasts Royal Hipogryph Knights
7%
Tomb Kings Missile Cavalry & Chariots Skeleton Horsemen Archers
7%
Norsca Hero Shaman-Sorcerer
6%
Tomb Kings Constructs Sepulchral Stalkers
5%
No matching quizzes found
Score Distribution
Percent of People with Each Score
Percentile by Number Answered
Your Score History
You have not taken this quiz